Quiz sur le Finistère - Statistiques

Statistiques générales
  • Ce quiz a été pris 346 fois
  • Le résultat moyen est 13 sur 20
Statistiques - réponses
Question Réponse % Correct
Région Bretagne
100%
Numéro du département 29
98%
Sous-préfecture et plus grande ville du département Brest
96%
Préfecture Quimper
96%
Morbihan
92%
Départements limitrophes Côtes-d'Armor
91%
Océan qui borde le département. Océan Atlantique
77%
Morlaix
74%
Île qui constitue le point le plus à l'ouest de la France métropolitaine. Ouessant
72%
Festival de musique ayant lieu à Carhaix-Plouguer. Les Vieilles Charrues
70%
Chanteuse née à Saint-Renan et gagnante de la Star Academy. Nolwenn Leroy
70%
Coiffe célèbre du sud du département. Coiffe bigoudène
59%
Gentilé Finistériens
55%
Complexe sur la faune marine de la plus grande ville du Finistère. Océanopolis
54%
Ancienne division politique du sud du département qui, à une lettre près, s'apparente à un comté anglais. Cornouaille
51%
Spécialité culinaire de Douarnenez. Kouign-amann
51%
Autres sous-préfectures Châteaulin
39%
Parc naturel régional du centre du département. Parc naturel régional d'Armorique
31%
Promontoire rocheux classé parmi les Grands Sites de France. Pointe du Raz
27%
Nombre d'habitants (arrondi à la dizaine de milliers d'habitants) 910 000 (909 028)
22%
Aucun quiz correspondant
Distribution des résultats
% des personnes avec chaque résultat
Percentile par nombre de réponses
Votre historique - résultats
Vous n’avez pas pris ce quiz